| 000 | 01266cam a2200349 i 4500 | ||
|---|---|---|---|
| 999 |
_c200447866 _d66078 |
||
| 001 | 200447866 | ||
| 003 | TR-AnTOB | ||
| 005 | 20220818162926.0 | ||
| 007 | ta | ||
| 008 | 830723s1975 fr a b 000 0 eng | ||
| 035 | _a(TR-AnTOB)200447866 | ||
| 040 |
_aDNLM _beng _erda _cDNLM _dTR-AnTOB |
||
| 041 | 0 | _aeng | |
| 060 | 0 | 0 |
_aW 18 _bC485e 1975 |
| 100 | 1 |
_aCharron, K. C. _q(Kenneth C.) _eauthor _9135916 |
|
| 245 | 1 | 0 |
_aEducation of the health professions in the context of the health care system : _bthe Ontario experience / _cby K. C. Charron. |
| 264 | 1 |
_aParis : _bOrganisation for Economic Co-operation and Development, _c1975. |
|
| 300 |
_a70 pages : _billustrations ; _c24 cm |
||
| 336 |
_atext _btxt _2rdacontent |
||
| 337 |
_aunmediated _bn _2rdamedia |
||
| 338 |
_avolume _bnc _2rdacarrier |
||
| 490 | 0 | _aDocument - Organization for Economic Co-operation and Development | |
| 500 | _aAt head of title: Centre for Educational Research and Innovation. | ||
| 504 | _aBIB | ||
| 650 | 2 |
_aHealth Occupations _xeducation _9135919 |
|
| 651 | 0 |
_aOntario _9135920 |
|
| 710 | 2 |
_aCentre for Educational Research and Innovation _926747 |
|
| 942 |
_2NLM _cBK |
||